|
|
|
|
| LEADER |
00000cam a2200000 a 4500 |
| 001 |
vtls010560942 |
| 003 |
SK-MaSNL |
| 005 |
20260301044539.0 |
| 008 |
251104s2013 xo ao e n 000 0 slo |
| 015 |
|
|
|a SNBA2014/01
|
| 020 |
|
|
|a 9788022825597
|q (brož.)
|
| 035 |
|
|
|a E8E60A2D-BB7C-407A-90E7-3D6A3754C286
|
| 035 |
|
|
|a urn:nbn:sk:snk-amky8u
|
| 035 |
|
|
|a urn:nbn:sk:snk-am008qax
|
| 040 |
|
|
|a SNK
|b slo
|c SNK
|e AACR2
|
| 041 |
0 |
|
|a slo
|
| 044 |
|
|
|a xo
|c SK
|
| 072 |
|
7 |
|a 639.1
|x Poľovníctvo
|2 konspekt
|
| 080 |
|
|
|a 639.1:59
|2 2001
|
| 080 |
|
|
|a 57/59
|2 2001
|
| 080 |
|
|
|a (072)
|2 2001
|
| 100 |
1 |
|
|a Ciberej, Juraj,
|d 1949-
|4 aut
|9 213876
|
| 245 |
1 |
0 |
|a II. Poľovnícka zoológia a biológia
|c Juraj Ciberej
|
| 246 |
3 |
|
|a Dva. Poľovnícka zoológia a biológia
|
| 250 |
|
|
|a 2. vyd.
|
| 260 |
|
|
|a Vo Zvolene
|b Technická univerzita
|c 2013
|
| 300 |
|
|
|a 104 s.
|b fareb. fotogr., ilustr.
|c 25 cm
|
| 366 |
|
|
|e 3000 výtl.
|
| 504 |
|
|
|a Bibliogr.: s. 103 ; zoz. obr.
|
| 650 |
0 |
7 |
|a poľovnícka zoológia
|2 SNKPH
|9 79932
|
| 650 |
0 |
7 |
|a biológia
|2 SNKPH
|9 689
|
| 650 |
0 |
7 |
|a Hunting zoology
|2 SNKPHeng
|9 351143
|
| 650 |
0 |
7 |
|a Biology
|2 SNKPHeng
|9 82165
|
| 655 |
|
7 |
|a metodické príručky
|2 SNKPH
|9 70250
|
| 655 |
|
7 |
|a Methodological manuals
|2 SNKPHeng
|9 270866
|
| 752 |
|
|
|a Slovensko
|d Zvolen
|
| 852 |
|
|
|a Štátna vedecká knižnica v Banskej Bystrici
|
| 919 |
|
|
|a 978-80-228-2559-7
|
| 958 |
|
|
|a NB
|
| 999 |
|
|
|c 596255
|d 598185
|
| 952 |
|
|
|a SNK
|b SNK
|y PREZ
|7 0
|p 17A1102420
|o snkSC 157626
|i snk2014/898
|8 0
|0 0
|1 0
|4 0
|d 2014-01-13
|f 1
|l 0
|r 2025-08-20 00:00:00
|w 2026-02-23
|
| 952 |
|
|
|a SNK
|b SNK
|y VYP
|7 0
|p 17A1102421
|o snkSC 157626 D1
|i snk2014/900
|8 0
|0 0
|1 0
|4 0
|d 2014-01-13
|l 0
|r 2026-02-23 15:39:22
|w 2026-02-23
|